Prosper to IELTS : new revised syllaus. (Record no. 625)
[ view plain ]
| 000 -LEADER | |
|---|---|
| fixed length control field | 00781nam a22002657a 4500 |
| 008 - FIXED-LENGTH DATA ELEMENTS--GENERAL INFORMATION | |
| fixed length control field | 130826b xxu||||| |||| 00| 0 eng d |
| 020 ## - INTERNATIONAL STANDARD BOOK NUMBER | |
| International Standard Book Number | 0-13-405374-5 |
| 024 ## - OTHER STANDARD IDENTIFIER | |
| Terms of availability | Available |
| 037 ## - SOURCE OF ACQUISITION | |
| Terms of availability | Available |
| 040 ## - CATALOGING SOURCE | |
| Original cataloging agency | MBSTU LIBRARY |
| Modifying agency | MBSTU LIBRARY |
| 082 ## - DEWEY DECIMAL CLASSIFICATION NUMBER | |
| Edition number | 22 |
| Classification number | 421 HOP |
| 100 ## - MAIN ENTRY--PERSONAL NAME | |
| Personal name | Hopkins, Diana. |
| 110 ## - MAIN ENTRY--CORPORATE NAME | |
| Corporate name or jurisdiction name as entry element | Mark Neltle. |
| 245 ## - TITLE STATEMENT | |
| Title | Prosper to IELTS : new revised syllaus. |
| 260 ## - PUBLICATION, DISTRIBUTION, ETC. (IMPRINT) | |
| Place of publication, distribution, etc. | UK |
| Name of publisher, distributor, etc. | Cambridge Unirerstiy Press. |
| Date of publication, distribution, etc. | 2002 |
| 300 ## - PHYSICAL DESCRIPTION | |
| Extent | 27 cm |
| Other physical details | 164 page |
| Type of unit | 1 |
| Size of unit | 27 cm. |
| 600 ## - SUBJECT ADDED ENTRY--PERSONAL NAME | |
| Source of heading or term | Phonetics of Standard english |
| 650 ## - SUBJECT ADDED ENTRY--TOPICAL TERM | |
| Source of heading or term | Standard english |
| 700 ## - ADDED ENTRY--PERSONAL NAME | |
| Personal name | Hopkins, Diana. |
| 710 ## - ADDED ENTRY--CORPORATE NAME | |
| Corporate name or jurisdiction name as entry element | Mark Neltle. |
| 270 ## - ADDRESS | |
| Address | London |
| City | London |
| Country | U.K |
| 365 ## - TRADE PRICE | |
| Price amount | 1863.00 |
| Unit of pricing | 1863.00 |
| 942 ## - ADDED ENTRY ELEMENTS (KOHA) | |
| Source of classification or shelving scheme | |
| Koha item type | Books |
No items available.
